000 00391nam a22001337a 4500
040 _cNUST
082 _a200 THE
100 _aSYED ABDUL MUGHEES
_986531
110 _a DR AKHTAR NAWAZ MALIK
_986532
245 _aTH-SOF-0851-IMPORTANCE OF INFORMATION TECHNOLOGY IN SUPPLY CHAIN MANAGEMENT
260 _aISLAMABAD
_bNUST COLLEGE OF EME
_c2013
650 _aMS-EM-6
_986533
942 _2ddc
_cTHE
999 _c587376
_d587376